LEADER 01327nam0-2200349-i-450 001 990008393220403321 005 20230829161742.0 010 $a88-324-8681-4 035 $a000839322 035 $aFED01000839322 035 $a(Aleph)000839322FED01 035 $a000839322 100 $a20061005d1990----km-y0itay50------ba 101 0 $aita 102 $aIT 105 $ay-------001yy 200 1 $aIgiene pubblica, prevenzione$einquinamenti ambientali$evigilanza: ministeri ambiente, sanita e marina m., regioni, sindaci, operatori professionali di vigilanza e ispezione sanitaria, ex vigili sanitari, USL, Carabinieri del nucleo operativo ecologico (NOE) e territoriali, Polizia di Stato e portuale, Guardia di finanza e forestale, Lega ambiente, World wildlife found (W.W.F.), Verdi, etc.$fLionello Rizzatti, Lionella Rizzatti, Sandra Rizzatti 205 $a8. ed. 210 $aMilano$cPirola$dc1990 215 $aXX, 1416 p.$d24 cm 700 1$aRizzatti,$bLionello$015969 701 1$aRizzatti,$bLionella$0426034 701 1$aRizzatti,$bSandra$019822 801 0$aIT$bUNINA$gRICA$2UNIMARC 901 $aBK 912 $a990008393220403321 952 $a1-3$b988$fDSPCP 952 $aX B 5$b843$fFMVBC 959 $aDSPCP 959 $aFMVBC 996 $aIgiene pubblica, prevenzione$9724485 997 $aUNINA LEADER 04293nam 2200913 450 001 9910808184503321 005 20170919032844.0 010 $a1-78238-818-4 024 7 $a10.1515/9781782388180 035 $a(CKB)3710000000493949 035 $a(EBL)4014249 035 $a(SSID)ssj0001570670 035 $a(PQKBManifestationID)16219412 035 $a(PQKBTitleCode)TC0001570670 035 $a(PQKBWorkID)12754757 035 $a(PQKB)10072555 035 $a(MiAaPQ)EBC4014249 035 $a(DE-B1597)636352 035 $a(DE-B1597)9781782388180 035 $a(EXLCZ)993710000000493949 100 $a20150424d2015 uy| 0 101 0 $aeng 135 $aur|n|---||||| 181 $ctxt 182 $cc 183 $acr 200 14$aThe living ancestors $eshamanism, cosmos and culture change among the Yanomami of the upper Orinoco /$fby Zeljko Jokic 210 1$aNew York ;$aOxford :$cBerghahn Books,$d2015. 215 $a1 online resource (296 p.) 300 $aDescription based upon print version of record. 311 $a1-78238-817-6 320 $aIncludes bibliographical references and index. 327 $tFrontmatter -- $tThe master shapori Ruweweriwë and his disciple Arawë singing in front of the ceremonial mast ? Mountain of the ancestral hekura spirits -- $tContents -- $tList of Illustrations -- $tPreface and Acknowledgements -- $tIntroduction -- $tChapter 1. Life on Top of the Old Sky: Yanomami Habitat, Ethnographic Setting and Local Histories -- $tChapter 2. Inside the Boa?s Abdomen: The Yanomami Cosmos -- $tChapter 3. Hekura, the Body and Illness -- $tChapter 4. Hekuraprai: Corporeal Cosmogenesis -- $tChapter 5. Oneiric Encounters -- $tChapter 6. Shamanic Battlefield: The Pendulum of Life and Death -- $tChapter 7. Two Pathways to Finding a Cure: Biomedical and Shamanic Treatment in the Life of Yanomami -- $tChapter 8. Return of the Ancestors: The All-pervading Shawara, the End of the World and the Beginning of a New Epoch -- $tPostscript. Recent Developments -- $tGlossary of Yanomami Terms -- $tBibliography -- $tIndex 330 $aThis phenomenologically oriented ethnography focuses on experiential aspects of Yanomami shamanism, including shamanistic activities in the context of cultural change. The author interweaves ethnographic material with theoretical components of a holographic principle, or the idea that the ?part is equal to the whole,? which is embedded in the nature of the Yanomami macrocosm, human dwelling, multiple-soul components, and shamans? relationships with embodied spirit-helpers. This book fills an important gap in the regional study of Yanomami people, and, on a broader scale, enriches understanding of this ancient phenomenon by focusing on the consciousness involved in shamanism through firsthand experiential involvement. 606 $aYanomamo Indians$xReligion 606 $aYanomamo mythology 606 $aShamanism$z87 (Venezuela and Colombia) 610 $aancient phenomenon. 610 $aanthropology. 610 $abiomedicine. 610 $acosmology. 610 $acultural change. 610 $adisease. 610 $adreams. 610 $aengaging. 610 $aethnographic material. 610 $afieldwork. 610 $afirsthand experiential involvement. 610 $ahealing. 610 $aholographic principle. 610 $aillness. 610 $aindigenous people. 610 $aindigenous studies. 610 $ainitiatory ordeal. 610 $anative religions. 610 $aorigin myths. 610 $apage turner. 610 $aregional study. 610 $ashamanism. 610 $ashamanistic activities. 610 $asocial science. 610 $asociology of religion. 610 $aspirit helpers. 610 $aspiritual. 610 $aunexplained phenomena. 610 $avillages. 610 $ayanomami shamanism. 615 0$aYanomamo Indians$xReligion. 615 0$aYanomamo mythology. 615 0$aShamanism 676 $a305.898/92087 700 $aJokic$b Zeljko$01649155 801 0$bMiAaPQ 801 1$bMiAaPQ 801 2$bMiAaPQ 906 $aBOOK 912 $a9910808184503321 996 $aThe living ancestors$93997753 997 $aUNINA